The Wonder That Was India (Record no. 95376)

MARC details
000 -LEADER
fixed length control field 00441nam a2200181Ia 4500
003 - CONTROL NUMBER IDENTIFIER
control field OSt
005 - DATE AND TIME OF LATEST TRANSACTION
control field 20220317113018.0
008 - FIXED-LENGTH DATA ELEMENTS--GENERAL INFORMATION
fixed length control field 211118s9999||||xx |||||||||||||| ||und||
040 ## - CATALOGING SOURCE
Transcribing agency sbcl
082 ## - DEWEY DECIMAL CLASSIFICATION NUMBER
Classification number 300.7239
Item number BAS-W
100 ## - MAIN ENTRY--PERSONAL NAME
Personal name Basham, A L
245 #0 - TITLE STATEMENT
Title The Wonder That Was India
260 ## - PUBLICATION, DISTRIBUTION, ETC.
Name of publisher, distributor, etc. Sidgwick & Jackson
Place of publication, distribution, etc. London
Date of publication, distribution, etc. 1967
300 ## - PHYSICAL DESCRIPTION
Extent 568p.
630 ## - SUBJECT ADDED ENTRY--UNIFORM TITLE
General subdivision General Stack
650 ## - SUBJECT ADDED ENTRY--TOPICAL TERM
Topical term or geographic name entry element Social Sciences
942 ## - ADDED ENTRY ELEMENTS (KOHA)
Koha item type BOOK
650 ## - SUBJECT ADDED ENTRY--TOPICAL TERM
Form subdivision Generalia
Holdings
Withdrawn status Lost status Source of classification or shelving scheme Damaged status Not for loan Home library Current library Date acquired Cost, normal purchase price Full call number Barcode Shelving location Date last seen Price effective from Koha item type
    Dewey Decimal Classification     SB LIBRARY SB LIBRARY 18/11/2021 150.00 300.7239 BAS-W 00100510 GENERAL STACK 18/11/2021 18/11/2021 BOOK

Powered by Koha